Normal view
MARC view
- Moaveni, Saeed
Entry Personal Name
001 - CONTROL NUMBER
- control field: 87459
003 - CONTROL NUMBER IDENTIFIER
- control field: NUST
005 - DATE AND TIME OF LATEST TRANSACTION
- control field: 20220107113103.0
008 - FIXED-LENGTH DATA ELEMENTS
- fixed length control field: 220107|| aca||aabn | a|a d
040 ## - CATALOGING SOURCE
- Original cataloging agency: NUST
- Transcribing agency: NUST
100 ## - HEADING--PERSONAL NAME
- Personal name: Moaveni, Saeed
670 ## - SOURCE DATA FOUND
- Source citation: Work cat.: (NUST)32573: Moaveni, Saeed., Finite Element Analysis :, c2003.
